ARRUPE JESUIT UNIVERSITY

CORONAVIRUS -STOP THE SPREAD - CLEAN,DISINFECT,COVER

Medicine, miracle, and magic in New Testament times / (Record no. 128303)

MARC details
000 -LEADER
fixed length control field 01305pam a2200337 a 4500
001 - CONTROL NUMBER
control field 2861364
003 - CONTROL NUMBER IDENTIFIER
control field ARRUPE
005 - DATE AND TIME OF LATEST TRANSACTION
control field 20181003102416.0
008 - FIXED-LENGTH DATA ELEMENTS--GENERAL INFORMATION
fixed length control field 851213s1986 enk b 001 0 eng
010 ## - LIBRARY OF CONGRESS CONTROL NUMBER
LC control number 85031327
020 ## - INTERNATIONAL STANDARD BOOK NUMBER
International Standard Book Number 0521323096
040 ## - CATALOGING SOURCE
Original cataloging agency DLC
Transcribing agency DLC
Modifying agency DLC
043 ## - GEOGRAPHIC AREA CODE
Geographic area code e-gr---
-- e-it---
050 00 - LIBRARY OF CONGRESS CALL NUMBER
Classification number R135.5
Item number .K44 1986
082 00 - DEWEY DECIMAL CLASSIFICATION NUMBER
Classification number 220.8/61
Edition number 19
300 ## - PHYSICAL DESCRIPTION
Dimensions 23 cm.
100 1# - MAIN ENTRY--PERSONAL NAME
Personal name Kee, Howard Clark.
9 (RLIN) 42727
245 10 - TITLE STATEMENT
Title Medicine, miracle, and magic in New Testament times /
Statement of responsibility, etc Howard Clark Kee.
260 ## - PUBLICATION, DISTRIBUTION, ETC. (IMPRINT)
Place of publication, distribution, etc Cambridge [Cambridgeshire] ;
-- New York :
Name of publisher, distributor, etc Cambridge University Press,
Date of publication, distribution, etc 1986.
300 ## - PHYSICAL DESCRIPTION
Extent x, 170 p. ;
490 1# - SERIES STATEMENT
Series statement Monograph series / Society for New Testament Studies ;
Volume number/sequential designation 55
500 ## - GENERAL NOTE
General note Includes indexes.
504 ## - BIBLIOGRAPHY, ETC. NOTE
Bibliography, etc Bibliography: p. [146]-151.
650 #0 - SUBJECT ADDED ENTRY--TOPICAL TERM
Topical term or geographic name as entry element Medicine in the Bible.
9 (RLIN) 4036
650 #0 - SUBJECT ADDED ENTRY--TOPICAL TERM
Topical term or geographic name as entry element Medicine, Greek and Roman.
9 (RLIN) 42728
650 #0 - SUBJECT ADDED ENTRY--TOPICAL TERM
Topical term or geographic name as entry element Miracles.
9 (RLIN) 42729
650 #0 - SUBJECT ADDED ENTRY--TOPICAL TERM
Topical term or geographic name as entry element Medicine, Magic, mystic, and spagiric.
9 (RLIN) 37376
830 #0 - SERIES ADDED ENTRY--UNIFORM TITLE
Uniform title Monograph series (Society for New Testament Studies) ;
Volume number/sequential designation 55.
9 (RLIN) 42730
856 42 - ELECTRONIC LOCATION AND ACCESS
Materials specified Publisher description
Uniform Resource Identifier <a href="http://www.loc.gov/catdir/description/cam031/85031327.html">http://www.loc.gov/catdir/description/cam031/85031327.html</a>
856 41 - ELECTRONIC LOCATION AND ACCESS
Materials specified Table of contents only
Uniform Resource Identifier <a href="http://www.loc.gov/catdir/enhancements/fy0632/85031327-t.html">http://www.loc.gov/catdir/enhancements/fy0632/85031327-t.html</a>
906 ## - LOCAL DATA ELEMENT F, LDF (RLIN)
a 7
b cbc
c orignew
d 1
e ocip
f 19
g y-gencatlg
942 ## - ADDED ENTRY ELEMENTS (KOHA)
Source of classification or shelving scheme Library of Congress Classification
Koha item type Monograph ( Printed materials)
Holdings
Withdrawn status Lost status Source of classification or shelving scheme Damaged status Not for loan Collection code Home library Current library Shelving location Date acquired Total Checkouts Full call number Barcode Date last seen Price effective from Koha item type
    Library of Congress Classification     Main Collection ARRUPE LIBRARY ARRUPE LIBRARY Main Collection 03/10/2018   R135.5 .K44 1986 46600002870 03/10/2018 03/10/2018 Monograph ( Printed materials)

 

Arrupe Library. PO Box MP320 Mt Pleasant, Harare, Zimbabwe
263 242 745411|librarian@aju.ac.zw